00945nam a2200265 a 450000100100000000500170001000800410002702000150006804000250008308200180010810000300012624500540015626000750021030000320028549000260031750400410034365000180038465000330040265000370043565000260047283000330049804900090053195201220054099900170066200002409420251126110947.0110118s1998 ve r 000 0 spa d a9800109943 aDO-SdBNPbspacBNPHU a179.76bA663a1 aAray, Juliod1935-94949410aAborto :bestudio psicoanalítico /cJulio Aray. aCaracas, (Venezuela) :bMonte Ávila Editores Latinoamericana,c1998. axxxi, 395, [6] p. ;c20 cm.1 aEstudioapsicología aIncluye referencias bibliográficas 0aAborto930003 0aNegligencia criminal 949495 4aAbortoxAspectos sociales949496 4aPsicoanálisis91958 0aEstudioppsicología949497 aBNGR 001054708MOaGRbGRcCTd2011-01-18iLF1l0o179.76 A663ap24094-10r2020-06-25w2020-06-25y4ZPréstamo en sala c23589d23589